Elaboración de dulce de leche de soya con sabor a vanilla

El trabajo pretende dar a conocer la elaboración de dulce de leche soya extrayendo primeramente la leche de soya utilizando un procedimiento experimental adecuado para obtener las características de calidad y funcionabilidad requeridas por el producto terminado, en este caso un dulce tipo cajeta o...

Full description

Bibliographic Details
Main Author: Salazar Guerrero, Enid Nathaly
Other Authors: Tutor: Taleno, Helia
Format: Tesis Section = Libro
Language:Undetermined
Spanish
Published: Managua UNI 2008
Subjects:
LEADER 01070nam a2200241Ia 4500
008 240830s9999 xx 000 0 und d
040 |a CEDOC DACA-RUSB / T.Mon 663.64 S161 
041 |a spa 
082 |a T.Mon 663.64 S161 
100 1 |a Salazar Guerrero, Enid Nathaly 
245 1 0 |a Elaboración de dulce de leche de soya con sabor a vanilla 
260 |a Managua  |b UNI  |c 2008 
300 |a 43 p. :il. 
500 |a Contiene anexos 
502 |a Tesis (Ingeniero Químico) -UNI, 2008. 
520 3 |a El trabajo pretende dar a conocer la elaboración de dulce de leche soya extrayendo primeramente la leche de soya utilizando un procedimiento experimental adecuado para obtener las características de calidad y funcionabilidad requeridas por el producto terminado, en este caso un dulce tipo cajeta obtenido mediante la evaporación de leche de soya, azúcar y otros ingredientes. 
650 7 |a LECHE DE SOYA 
650 7 |b  DULCE DE LECHE 
650 7 |c  SOYA-INDUSTRIA Y COMERCIO 
700 1 |a Tutor:  |b Taleno, Helia 
942 |c BK  |2 ddc 
991 |a TESIS 
999 |c 26144